| 000 | 05978namaa22004451i 4500 | ||
|---|---|---|---|
| 003 | EG-GICUC | ||
| 005 | 20260421205607.0 | ||
| 008 | 260421s2025 ua a|||frm||| 000 0 eng d | ||
| 040 |
_aEG-GICUC _beng _cEG-GICUC _dEG-GICUC _erda |
||
| 041 | 0 |
_aeng _beng _bara |
|
| 049 | _aDeposit | ||
| 082 | 0 | 4 | _a616.92 |
| 092 |
_a616.92 _221 |
||
| 097 | _aM.Sc | ||
| 099 | _aCai01.10.10.M.Sc.2025.Ma.C | ||
| 100 | 0 |
_aMariam Mahmoud Bedir, _epreparation. |
|
| 245 | 1 | 0 |
_aComparative study of lateral flow test and the rapid establishment techniques for the diagnosis of Brucella abortus / _cby Mariam Mahmoud Bedir ; Supervision Prof. Dr. Jakeen Kamal Abdel Haleem Eljakee, Prof. Dr. Sherif Abd El-monem Marouf, Prof. Dr. Samah Eid Abd Elsalam. |
| 246 | 1 | 5 | _aدراسة مقارنة لاختبار التدفق الجانبي والتقنيات السريعة المتعارف عليها لتشخيص البروسيلا ابورتس |
| 264 | 0 | _c2025. | |
| 300 |
_a108 pages : _billustrations ; _c25 cm. + _eCD. |
||
| 336 |
_atext _2rda content |
||
| 337 |
_aUnmediated _2rdamedia |
||
| 338 |
_avolume _2rdacarrier |
||
| 502 | _aThesis (Ph.D)-Cairo University, 2025. | ||
| 504 | _aBibliography: pages 92-112. | ||
| 520 | 3 | _aBrucellosis remains a globally significant zoonotic disease, particularly in resource-limited settings where rapid and reliable diagnostics are critical for effective surveillance and control. This study presents the development and evaluation of a novel lateral flow immunoassay (LFIA) designed to meet the ASSURED criteria of being affordable, sensitive, specific, user-friendly, rapid and robust, equipment-free, and deliverable to end-users, offering a robust diagnostic tool for field and clinical use to detect Brucella bacteria. The assay utilizes highly purified smooth lipopolysaccharide-O (S-LPS-O) antigens of Brucella abortus and incorporates immunoglobulin-binding proteins conjugated with nanogold particles to enhance immune complex formation and signal intensity. Comparative analysis against conventional serological tests, including the Rose Bengal plate test, serum agglutination test, milk ring test, indirect enzyme-linked immunosorbent assay, competitive enzyme-linked immunosorbent assay, and complement fixation test (RBPT, SAT, MRT, I- ELISA, C-ELISA, CFT), as well as polymerase chain reaction (PCR), demonstrates superior sensitivity and specificity across multiple animal species. The novel lateral flow immunoassay format significantly reduces cross- reactivity and improves diagnostic accuracy, making it a promising candidate for integration into brucellosis control programs. This study highlights the critical role of antigen purity and technological innovations in improving point-of-care diagnostic tools for neglected zoonotic diseases. | |
| 520 | 3 | _aتظل البروسيلا مرضًا حيواني المنشأ ذا أهمية عالمية، خاصة في المناطق محدودة الموارد حيث تعتبر التشخيصات السريعة والدقيقة أمرًا بالغ الأهمية للرقابة والسيطرة الفعالة على المرض. يقدم هذا البحث تطوير وتقييم اختبار مناعي سريع جديد يعتمد على تدفق جانبي، صُمم ليستوفي معايير أن يكون ذو تكلفة منخفضة وحساسًا ودقيقًا وسهل الاستخدام وسريعًا ومتينة وخالٍ من الحاجة للمعدات وقابل للتوصيل للمستخدم النهائي، مقدماً أداة تشخيصية قوية للاستخدام الميداني والسريري للكشف عن بكتيريا البروسيلا. يعتمد الاختبار على مستضدات من السلسلة الكربوهيدراتية السلسة - O (S-LPS-O) عالية النقاء لبروسيلا أبورتوس ويشمل بروتينات مرتبطة بالأجسام المضادة ومقترنة بجزيئات الذهب النانوية لتعزيز تكوين المجمعات المناعية وزيادة شدة الإشارة. أظهر التحليل المقارن مع الاختبارات السيرولوجية التقليدية، بما في ذلك اختبار الروزبنجال، اختبار التلزن الانبوبي البطئ، اختبار اللبن الحقلي، اختبار الأليزا الغير المباشر، اختبار الأليزالتنافسي، واختبار تثبيت المكمل، بالإضافة إلى تفاعل البوليميراز المتسلسل، حساسية ونوعية متفوقة عبر عدة أنواع حيوانية. يقلل هذا الاختبار المناعي السريع الجديد من التفاعلات السيرولوجية ويعزز دقة التشخيص، مما يجعله مرشحًا واعدًا للدمج في برامج مكافحة البروسيلا. تُبرز هذه الدراسة الدور الحاسم لنقاء المستضد والابتكارات التكنولوجية في تحسين أدوات التشخيص السريع للأمراض الحيوانية المهملة. | |
| 530 | _aIssues also as CD. | ||
| 546 | _aText in English and abstract in Arabic & English. | ||
| 650 | 0 | _aMicrobiology | |
| 650 | 0 | _aالميكروبيولوجيا | |
| 653 | 1 |
_aBrucellosis _aASSURED diagnostics _aNovel Lateral Flow Immunoassay (LFIA) _aRecombinant protein A _aS-LPS-O _aNanogold conjugates |
|
| 700 | 0 |
_aJakeen Kamal Abdel Haleem Eljakee _ethesis advisor. |
|
| 700 | 0 |
_aSherif Abd El-monem Marouf _ethesis advisor. |
|
| 700 | 0 |
_aSamah Eid Abd Elsalam _ethesis advisor. |
|
| 900 |
_b01-01-2025 _cJakeen Kamal Abdel Haleem Eljakee _cSherif Abd El-monem Marouf _cSamah Eid Abd Elsalam _UCairo University _FFaculty of Veterinary Medicine _DDepartment of Microbiology |
||
| 905 | _aShimaa | ||
| 942 |
_2ddc _cTH _e21 _n0 |
||
| 999 | _c179656 | ||